000 00697nam a2200277Ia 4500
001 Para_9560
003 CHAP
008 220125s2003 xx 000 0 und d
010 _a208234
040 _cCHAP
082 _a806.3 B7
100 _aBrown, Dan
_915633
245 _aEl código Da Vinci /
_c por Dan Brown
260 _aArgentina :
_b Umbriel
300 _a557
500 _aTraducción de: The Da Vinci Code
650 _aLiteratura inglesa
_967134
650 _aNovela inglesa
_982023
901 _a806.3 B7
902 _aM
905 _a0000002003 0000000000 00
910 _a2003
942 _cPARA
942 _cPARA
_d1
999 _c208234
_d208234